000 00647nam a2200241 i 4500
001 C2-0200595
003 PPAK
005 20180728100642.0
008 990208s1986 enka|||| ||||| | eng d
020 _a185170048X
040 _aPPAK
_beng
_cPPAK
_erda
082 0 4 _a745.594
_2 23
090 0 0 _a745.594
_bJON
_dR
100 1 _aJones, Owen,
_eauthor
245 1 4 _aThe Grammar of Ornament
264 1 _aLondon :
_bStudio Editions ,
_c1986
300 _a175 pages :
_bcolour illustrations ;
_c33 cm
336 _2rdacontent
_atext
337 _2rdamedia
_aunmediated
338 _2rdacarrier
_avolume
650 1 0 _aOrnament
942 _ddc
_cB
999 _c156987
_d156987